Cloak and grammar: Secrets of the Castleton Manor Library / Allie Pleiter.
Castleton Manor, the upscale literary retreat in Lighthouse Bay, Massachusetts, prepares to host a retirement celebration for Red Maxton, the author of the best-selling spy series featuring Trey Connor. Librarian Faith Newberry plans for the arrival of Red's die-hard fans, who will converge on the manor to celebrate Red's career. Before the event begins, a dead man is discovered in the hedge maze. He looks just like Red, and he was carrying the three of diamonds, Trey Connor's calling card. With the guest of honor dead, the event is canceled. Then Red shows up, alive and well. Red's sudden appearance sends shock waves throughout the manor. Faith and her friends in the Candle House Book Club conspire to learn the identity of the man in the maze. But the cards seem to be stacked against them. The dead ringer's identity remains a secret, and the event continues to be disrupted by mysterious incidents. Faith is dealt a devastating blow, raising the stakes even higher. Will Faith and her friends - along with her devoted cat, Watson - play their cards right? Or is there another ace up the culprit's sleeve?
Record details
- Physical Description: 193 pages ; 22 cm.
- Publisher: Berne, Indiana : Annies, [2019]
Search for related items by subject
| Subject: | Faith Newberry (fictional character) Retirement celebration Authors Book clubs (Discussion groups) > Fiction. Murder > Investigation > Fiction. Massachusetts > Fiction. |
| Genre: | Cozy Mystery fiction. Detective and mystery fiction. |
Search for related items by series
Available copies
- 1 of 1 copy available at scottsboropl.
Holds
- 0 current holds with 1 total copy.
Show Only Available Copies
| Location | Call Number / Copy Notes | Barcode | Shelving Location | Status | Due Date |
|---|---|---|---|---|---|
| scottsboropl | F CML | 32269001275745 | Adult - Fiction | Available | - |
| LDR | 00859cam a2200265 i 4500 | ||
|---|---|---|---|
| 001 | 165722 | ||
| 003 | SBPL | ||
| 005 | 20190322173051.0 | ||
| 008 | 181018s2019 inu 000 1 eng | ||
| 010 | . | ‡a 2018961928 | |
| 050 | 0 | 0. | ‡aPS3616.L45 ‡bC58 2019 |
| 082 | 0 | 0. | ‡a813/.6 ‡223 |
| 100 | 1 | . | ‡aPleiter, Allie, ‡d1962-: ‡eauthor. |
| 245 | 1 | 0. | ‡aCloak and grammar: ‡bSecrets of the Castleton Manor Library / ‡cAllie Pleiter. |
| 264 | 1. | ‡aBerne, Indiana : ‡bAnnies, ‡c[2019] | |
| 300 | . | ‡a193 pages ; ‡c22 cm. | |
| 336 | . | ‡atext ‡btxt ‡2rdacontent | |
| 337 | . | ‡aunmediated ‡bn ‡2rdamedia | |
| 338 | . | ‡avolume ‡bnc ‡2rdacarrier | |
| 490 | 0 | . | ‡aSecrets of the Castleton Manor Library |
| 520 | 0. | ‡aCastleton Manor, the upscale literary retreat in Lighthouse Bay, Massachusetts, prepares to host a retirement celebration for Red Maxton, the author of the best-selling spy series featuring Trey Connor. Librarian Faith Newberry plans for the arrival of Red's die-hard fans, who will converge on the manor to celebrate Red's career. Before the event begins, a dead man is discovered in the hedge maze. He looks just like Red, and he was carrying the three of diamonds, Trey Connor's calling card. With the guest of honor dead, the event is canceled. Then Red shows up, alive and well. Red's sudden appearance sends shock waves throughout the manor. Faith and her friends in the Candle House Book Club conspire to learn the identity of the man in the maze. But the cards seem to be stacked against them. The dead ringer's identity remains a secret, and the event continues to be disrupted by mysterious incidents. Faith is dealt a devastating blow, raising the stakes even higher. Will Faith and her friends - along with her devoted cat, Watson - play their cards right? Or is there another ace up the culprit's sleeve? | |
| 600 | 0. | ‡aFaith Newberry (fictional character) | |
| 650 | 0. | ‡aRetirement celebration | |
| 650 | 0. | ‡aAuthors | |
| 650 | 0. | ‡aBook clubs (Discussion groups) ‡vFiction. | |
| 650 | 0. | ‡aMurder ‡xInvestigation ‡vFiction. | |
| 651 | 0. | ‡aMassachusetts ‡vFiction. | |
| 655 | 7. | ‡aCozy Mystery fiction. | |
| 655 | 7. | ‡aDetective and mystery fiction. ‡2lcgft | |
| 901 | . | ‡a165722 ‡bAUTOGEN ‡c165722 ‡tbiblio | |